000 00473nam a22001337a 4500
008 220909b |||||||| |||| 00| 0 eng d
050 _aHG3881 .B36 2021
_b.B36 2021
245 _aBank supervition annual report 2021 :
_bCentral bank of kenya/
_cCentral Bank of Kenya
260 _aNairobi :
_bCentral Bank
_c2021
300 _aix,120p. :
_bill. ;
650 _aEconomic assistance
650 _aBanks and banking
942 _2lcc
_cPERIODICAL
_hHG3881 .B36 2021
999 _c31454
_d31454